000 00827nam a22002657a 4500
001 3951
003 FISKH
005 20240529084810.0
008 240527b cb ||||| |||| 00| 0 eng d
020 _a9780394805726
040 _aFISK
_beng
_cFISK
_dFISK
050 _aPZ7.S1185
082 _a813.54
100 _aSachar Louis
_d1954-
245 _aThere's a boy in the girls' bathroom /
_cLouis Sachar
260 _aNew York :
_bRadom House,
_c1987
300 _a195 pages :
_c20 cm
505 _aF
520 _aAn unmanageable, but lovable, eleven-year-old misfit learns to believe in himself when he gets to know the new school counselor, who is a sort of misfit too.
521 8 _a490
_bLexile
521 8 _aF
_bRaz-Plus
700 _aLouis Sachar
942 _2ddc
_cBK
_n0
999 _c3951
_d3951